[Event "Bad Woerishofen Seniors op 16th"]
[Site "Bad Woerishofen"]
[Date "2000.??.??"]
[Round "1"]
[White "Diete, Guenter"]
[Black "Fels, Karl Heinz"]
[Result "0-1"]
[WhiteElo "1655"]
[BlackElo "1925"]
[PlyCount "118"]
[EventDate "2000.03.??"]
[EventType "swiss"]
[EventRounds "9"]
[EventCountry "GER"]
[SourceTitle "EXT 2003"]
[Source "ChessBase"]
[SourceDate "2002.11.25"]
[SourceVersion "1"]
[SourceVersionDate "2002.11.25"]
[SourceQuality "1"]

1. e4 e5 2. Nf3 Nc6 3. Bc4 Nf6 4. Nc3 Be7 5. 0-0 d6 6. h3 Na5 7. Be2 c5 8. d3 0-0 9. Bd2 Nc6 10. Qc1 a6 11. Nh2 Nd4 12. Bd1 b5 13. Ne2 Nxe2+ 14. Bxe2 Qb6 15. f4 exf4 16. Bxf4 Nd7 17. Be3 Ne5 18. Nf3 Bb7 19. Qe1 Bf6 20. c3 Nxf3+ 21. Bxf3 Qc7 22. Qf2 Qe7 23. Rae1 Bh4 24. g3 Bg5 25. Qd2 Bxe3+ 26. Qxe3 Qe6 27. Bg4 Qxa2 28. Rf2 Qa5 29. Ref1 Qc7 30. Qf4 Bc8 31. h4 Bxg4 32. Qxg4 Qc8 33. Rf5 Qe6 34. h5 h6 35. Qf4 f6 36. Rd5 Rfd8 37. Rf5 a5 38. Qg4 Rf8 39. Qg6 a4 40. g4 Qe8 41. Rd5 Qxg6 42. hxg6 Ra6 43. Ra1 Rb8 44. Kf2 b4 45. c4 a3 46. b3 Re8 47. Ra2 Kf8 48. Ke3 Re5 49. Kf4 Ke7 50. Ke3 Rg5 51. Rxg5 fxg5 52. d4 Kf6 53. dxc5 dxc5 54. Kd3 Ke5 55. Ke3 Rxg6 56. Rd2 Rd6 57. Rf2 Ra6 58. Ra2 g6 59. Kd3 h5 0-1

[Event "Bad Woerishofen Seniors op 16th"]
[Site "Bad Woerishofen"]
[Date "2000.??.??"]
[Round "3"]
[White "Diete, Guenter"]
[Black "Schratzenstaller, Andreas"]
[Result "1-0"]
[WhiteElo "1655"]
[BlackElo "1825"]
[PlyCount "84"]
[EventDate "2000.03.??"]
[EventType "swiss"]
[EventRounds "9"]
[EventCountry "GER"]
[SourceTitle "EXT 2003"]
[Source "ChessBase"]
[SourceDate "2002.11.25"]
[SourceVersion "1"]
[SourceVersionDate "2002.11.25"]
[SourceQuality "1"]

1. e4 d5 2. e5 d4 3. Bc4 c5 4. d3 Nc6 5. Bd2 Nxe5 6. Bb3 Nf6 7. h3 e6 8. f4 Nc6 9. Na3 Be7 10. Nc4 Nd5 11. Qf3 Qc7 12. Ne2 b6 13. 0-0 Bb7 14. f5 Nf6 15. fxe6 fxe6 16. Nf4 Nd8 17. Ba4+ Kf7 18. Qe2 Rf8 19. Bb3 Kg8 20. Nxe6 Nxe6 21. Qxe6+ Kh8 22. Bf4 Qc6 23. Qe2 Nd5 24. Bd2 Bf6 25. Rae1 Rfe8 26. Qg4 Ne3 27. Bxe3 dxe3 28. Re2 Rad8 29. Kh1 Bc8 30. Qf3 Qd7 31. Rxe3 b5 32. Rxe8+ Rxe8 33. Nd2 Bb7 34. Qf2 Qxh3+ 35. Kg1 Qh5 36. c3 Re2 37. Bd1 Rxf2 38. Bxh5 Rxf1+ 39. Kxf1 Bg5 40. Nb3 c4 41. dxc4 bxc4 42. Na5 Bc1 1-0

[Event "Bad Woerishofen Seniors op 16th"]
[Site "Bad Woerishofen"]
[Date "2000.??.??"]
[Round "5"]
[White "Kraft, Hans"]
[Black "Diete, Guenter"]
[Result "1-0"]
[WhiteElo "2040"]
[BlackElo "1655"]
[PlyCount "107"]
[EventDate "2000.03.??"]
[EventType "swiss"]
[EventRounds "9"]
[EventCountry "GER"]
[SourceTitle "EXT 2003"]
[Source "ChessBase"]
[SourceDate "2002.11.25"]
[SourceVersion "1"]
[SourceVersionDate "2002.11.25"]
[SourceQuality "1"]

1. e4 e5 2. Nf3 d6 3. d4 exd4 4. Nxd4 Be7 5. Nc3 Nf6 6. Bc4 0-0 7. 0-0 c6 8. a4 Nbd7 9. Re1 Ne5 10. Bf1 Bg4 11. f3 Bd7 12. h3 Qc7 13. f4 Ng6 14. Nb3 Rad8 15. Be3 a5 16. Qf3 Rfe8 17. Rad1 Bf8 18. g4 h6 19. f5 Ne5 20. Qg2 d5 21. exd5 cxd5 22. g5 hxg5 23. Bxg5 Bc5+ 24. Kh1 Ne4 25. Nxe4 dxe4 26. Nxc5 Qxc5 27. Bf6 Qf8 28. Bxd8 Rxd8 29. f6 Ng6 30. Bc4 Nf4 31. Qxg7+ Qxg7 32. fxg7 Nxh3 33. Kh2 Ng5 34. Kg3 Kxg7 35. Bb5 Bxb5 36. Rxd8 Bxa4 37. Rd5 Kg6 38. b3 Bc6 39. Rxa5 Nf3 40. Re3 Nd4 41. c4 f5 42. Kf4 Kf6 43. Re5 Bd7 44. b4 Nc2 45. Rh3 Kg6 46. Rd5 Bc6 47. Rxf5 Nxb4 48. Rg3+ Kh6 49. Rf6+ Kh7 50. Rxc6 Nxc6 51. Kxe4 Ne7 52. Ke5 b6 53. Rb3 Nc8 54. Ke6 1-0

[Event "Bad Woerishofen Seniors op 16th"]
[Site "Bad Woerishofen"]
[Date "2000.??.??"]
[Round "8"]
[White "Margraf, Achim"]
[Black "Diete, Guenter"]
[Result "1-0"]
[WhiteElo "1880"]
[BlackElo "1655"]
[PlyCount "133"]
[EventDate "2000.03.??"]
[EventType "swiss"]
[EventRounds "9"]
[EventCountry "GER"]
[SourceTitle "EXT 2003"]
[Source "ChessBase"]
[SourceDate "2002.11.25"]
[SourceVersion "1"]
[SourceVersionDate "2002.11.25"]
[SourceQuality "1"]

1. Nf3 Nf6 2. c4 b5 3. e3 bxc4 4. Bxc4 e6 5. d4 Be7 6. 0-0 0-0 7. b3 d5 8. Bd3 Nbd7 9. Ba3 c5 10. Nbd2 cxd4 11. Bxe7 Qxe7 12. Nxd4 Bb7 13. Rc1 Rac8 14. Bb1 Rxc1 15. Qxc1 Rc8 16. Qb2 Qc5 17. Ne2 Qd6 18. Rc1 Qb8 19. Nf3 Ba6 20. Ng3 Nf8 21. Rc3 Rxc3 22. Qxc3 Qb6 23. h3 N6d7 24. Nh5 f6 25. Qb2 Qb5 26. Ng3 e5 27. Qa3 Qb6 28. Nf5 Ne6 29. Ne7+ Kh8 30. Nxd5 Qb5 31. Qd6 Qf1+ 32. Kh2 Ndf8 33. Bf5 Bc8 34. Bxe6 Nxe6 35. Nc7 h6 36. Nxe6 Bxe6 37. Qxe6 Qxf2 38. Qc8+ Kh7 39. Qf5+ Kg8 40. e4 Qxa2 41. Qe6+ Kh7 42. Nh4 Qd2 43. Qf5+ Kg8 44. Qg4 Kf7 45. Nf5 g6 46. Nxh6+ Qxh6 47. Qd7+ Kf8 48. Qxa7 Qf4+ 49. Kh1 Qxe4 50. Qb8+ Ke7 51. Qa7+ Kd6 52. Qa6+ Qc6 53. Qd3+ Ke6 54. Qxg6 Qc1+ 55. Kh2 Qf4+ 56. Qg3 Qd4 57. Qg4+ f5 58. Qxd4 exd4 59. Kg3 Kd5 60. Kf3 Ke5 61. g3 Kd5 62. h4 Kc5 63. h5 Kb4 64. h6 Kc3 65. h7 Kc2 66. h8Q d3 67. Qc8+ 1-0